000 00848nam a2200181Ia 4500
008 090124s9999 xx 000 0 und d
082 _b132760
100 _aठाकूर योगेन्द्र / घाटपांडे महेश
245 _a व्यवसाय व्यवस्थापन तंत्र आणि मंत्र
250 _a1
260 _c2004
300 _a76
600 _aठाकूर योगेन्द्र / घाटपांडे महेश
630 _a व्यवसाय व्यवस्थापन तंत्र आणि मंत्र
700 _aठाकूर योगेन्द्र / घाटपांडे महेश
730 _a व्यवसाय व्यवस्थापन तंत्र आणि मंत्र
942 _cBOOK
999 _c178894
_d178894